000 00863nam a22002657a 4500
001 6961
003 FISKH
005 20250827091718.0
008 250612b cb ||||| |||| 00| 0 eng d
020 _a9780516260648
040 _aFISKH
_beng
_cFISKH
_dFISKH
050 _aQK494.P66 D38
082 _a585.2
100 _aDavis, Wendy
245 _aDouglas Fir /
_cWendy Davis
260 _aNew York :
_bChildren't Press,
_c1997.
300 _a31 pages :
_bcollor illustrations ;
_c21 x 23 cm
505 _aK
520 _aDescribes the growth of a Douglas fir sapling in an old growth forest in the northwestern United States and the other plants and animals that are part of its habitat.
521 8 _a510
_bLexile estimate
521 8 _aK
_bRaz-Plus
650 _aForest
_vForest Ecology
_xHabitats
942 _2ddc
_cBK
_n0
999 _c6961
_d6961